Top 10 best-selling Xbox 360 Games - Statistics

General Stats
  • This quiz has been taken 234 times
  • The average score is 4 of 10
Answer Stats
Hint Answer % Correct
6 Halo 3
71%
5 Call of Duty: Black Ops
58%
3 Minecraft
55%
9 Call of Duty: Modern Warfare 2
54%
7 Call of Duty: Black Ops 2
44%
4 Call of Duty: Modern Warfare 3
42%
2 GTA V
38%
10 GTA IV
24%
8 Skyrim
24%
1 Kinect Adventures
10%
No matching quizzes found
Score Distribution
Percent of People with Each Score
Percentile by Number Answered
Your Score History
You have not taken this quiz